000 004610000a22001810004500
003 MACL
005 20150708112755.0
008 150708b xxu||||| |||| 00| 0 eng d
040 _aMACL
_cMACL
041 _aEnglish
082 _a320/HAS
100 _aHasan Mushirul
_91349
245 _aNationalism And Communal Politics In India
260 _bManohar Publisher
_c1994
_aNew Delhi
350 _a200
650 _aPolitical Science
_988
942 _cBK
_k320
_2ddc
999 _c3741
_d3741